|
|
|
|
| LEADER |
00000nam a2200000 4500 |
| 001 |
vtls012260752 |
| 003 |
SK-MaSNL |
| 005 |
20260301192611.0 |
| 008 |
251112s1869 hu f 001 0 slo |
| 015 |
|
|
|a SNBHFA
|
| 040 |
|
|
|a SNKHF
|b slo
|c SNKHF
|e rda
|
| 041 |
0 |
|
|a slo
|
| 044 |
|
|
|a hu
|c HU
|
| 072 |
|
7 |
|a 27-5
|x Liturgia. Kresťanské umenie a symbolika. Duchovný život
|2 konspekt
|
| 080 |
|
|
|a 27-282.5
|2 2011
|
| 080 |
|
|
|a 393(048.8)
|2 2011
|
| 130 |
0 |
|
|a Ewangelický
|9 463207
|
| 245 |
1 |
0 |
|a Ewangelický Funebrál obsahugjcj w sobě pisně pohřebnj i giné přjhodné, staré i nowé, které se zpjwati mohau netoliko při pohřebu kterýchkoli lídj wůbec, ale také o při pohřebu lídj rozličného wěku, stawu, powolánj a losu, obzwásstě s připogenjm některých latinských pisnj, gako také i některých Pjsma Sw. řečj. modliteb, werssů a kollekt pohřebnjch. Ku sláwe božj a ku wzdělánj cjrkwe a zwlásstě ku pronikowému zarmaucených a nad mrtwými plačjcjch potěssenj nynj po XII-té na swětlo wydaný od gednoho Pána Gežjsse Krista milownjka snažného
|
| 264 |
|
3 |
|a W Pessti
|b Tiskem Viktora Horňánského
|c 1869
|
| 300 |
|
|
|a 368 strán
|c 15 cm
|
| 336 |
|
|
|a text
|b txt
|2 rdacontent
|
| 337 |
|
|
|a bez média
|b n
|2 rdamedia
|
| 338 |
|
|
|a zväzok
|b nc
|2 rdacarrier
|
| 504 |
|
|
|a Register
|
| 508 |
|
|
|a Predslov
|
| 546 |
|
|
|a Predspisovná slovenčina
|b Fraktúra
|
| 561 |
|
|
|a Proveniencia: vlepený Exlibris: Matica Slovenská.-rukopisný provenenčný záznam na prednom prídoští: Dvojctihodnému Pánovi Juliusovi Zarnovicky, čo bývalému pomocniku svému obetuje V Záriečí 8/2 1881 Križan ev. av. farár a senior Trenčanský.
|5 SNK SE 4044
|
| 561 |
|
|
|a Rukopisný provenienčný záznam na prednom prídoští a titulnom liste. Ľud. Čulík St. Turá 1883.
|5 SNK SE 4044 D1
|
| 562 |
|
|
|a Doplnené rukopisné modlitby, piesne a antifóny.
|5 SNK SE 4044 D1 ; SE 4044 D2
|
| 563 |
|
|
|a Väzba: previazaná, celoplátená.
|5 SNK SE 4044 ; SE 4044 D2
|
| 563 |
|
|
|a Väzba: pôvodná, čierna hladká koža s jednoduchou linkou a kalichom.
|5 SNK SE 4044 D1
|
| 610 |
2 |
7 |
|a Evanjelická cirkev a.v.
|2 SNKKA
|9 32425
|
| 650 |
0 |
7 |
|a modlitebné knihy
|2 SNKPH
|9 2011
|
| 655 |
|
7 |
|a funebrály
|2 SNKPH
|9 70669
|
| 700 |
1 |
|
|a Hornyánszky, Viktor,
|d 1828-1882
|4 prt
|9 257056
|
| 700 |
1 |
|
|a Čulík, Ľudovít
|4 fmo
|9 570887
|
| 700 |
1 |
|
|a Zarnovický, Július
|4 fmo
|9 570888
|
| 700 |
1 |
|
|a Križan, Karol,
|d 1824-1883
|4 dnr
|9 506182
|
| 710 |
2 |
|
|a Matica slovenská
|4 fmo
|9 14662
|
| 752 |
|
|
|a Maďarsko
|d Budapešť
|
| 852 |
|
|
|a snk
|p SE 4044 ; SE 4044 D1 ; SE 4044 D2
|
| 958 |
|
|
|a ONDV
|
| 958 |
|
|
|a DF
|
| 999 |
|
|
|c 874608
|d 876538
|
| 952 |
|
|
|a SNK
|b SNK
|y PREZ
|7 0
|p 17A0744710
|o snkSE 4044
|i snkK 1446/66
|8 3
|0 0
|1 0
|4 0
|d 2024-07-22
|f 1
|l 0
|r 2026-02-24 05:54:33
|w 2026-02-24
|
| 952 |
|
|
|a SNK
|b SNK
|y PREZ
|7 0
|p 17A1487349
|o snkSE 4044 D1
|i snkK 5546/66
|8 3
|z Rok: 1869
|0 0
|1 0
|4 0
|d 2024-07-22
|l 0
|r 2026-02-24 05:54:33
|w 2026-02-24
|
| 952 |
|
|
|a SNK
|b SNK
|y PREZ
|7 0
|p 17A1487350
|o snkSE 4044 D2
|i snkK 2977/68
|8 3
|z Rok: 1869
|0 0
|1 0
|4 0
|d 2024-07-22
|l 0
|r 2026-02-24 05:54:33
|w 2026-02-24
|